| 000 | 00356nam a22001457a 4500 | ||
|---|---|---|---|
| 008 | 211014b ||||| |||| 00| 0 eng d | ||
| 020 | _a9780321907957 | ||
| 041 | _aeng | ||
| 080 |
_211th _a159.9 |
||
| 082 | _a159.9 | ||
| 100 | _a48 | ||
| 101 | _aPSI | ||
| 245 |
_aAsking the Right Questions A Guide to Critical Thinking _cBrowne,M.N |
||
| 942 |
_2udc _cBK |
||
| 999 |
_c58223 _d58223 |
||